Geography Quiz

Random Geography or State Quiz

Top Wheat Producing States Quiz Stats

Quiz Updated May 2, 2018

Challenge
Share
Tweet
Embed
Score 0/10 Timer 02:00
0 Plays Today
# of Bushels State % Correct
333,600,000Kansas
91.4%
68,150,000Texas
88.9%
48,069,000Oregon
87.7%
238,085,000North Dakota
86.8%
98,600,000Oklahoma
84.4%
127,430,000Montana
82.8%
87,598,000Colorado
79.9%
90,708,000Idaho
79.1%
75,935,000Minnesota
74.2%
142,500,000Washington
64.2%

You're not logged in!

Compare scores with friends on all Sporcle quizzes.
Join for Free
OR
Log In

You Might Also Like...

Show Comments

Extras

Top Quizzes Today


Score Distribution

Your Account Isn't Verified!

In order to create a playlist on Sporcle, you need to verify the email address you used during registration. Go to your Sporcle Settings to finish the process.

Report this User

Report this user for behavior that violates our Community Guidelines.

Details: